[Event "Robecchetto op"]
[Site "Robecchetto"]
[Date "1996.??.??"]
[Round "1"]
[White "Mrdja, Milan"]
[Black "Schreiber, Edwin"]
[Result "1-0"]
[WhiteElo "2450"]
[BlackElo "2020"]

1.e4 c5 2.Nf3 Nc6 3.Bb5 g6 4.O-O Nf6 5.Bxc6 dxc6 6.e5 Nd5 7.h3 Bg7 8.Re1 O-O
9.d3 b5 10.Nbd2 Qb6 11.a3 Nc7 12.Ne4 Bf5 13.Ng3 Be6 14.Bg5 Rfe8 15.Qc1 a5
16.Qf4 Nd5 17.Qh4 f6 18.c4 bxc4 19.dxc4 Nc7 20.exf6 exf6 21.Bxf6 Bxf6 22.Qxf6 Rf8
23.Qc3 Rab8 24.Ng5 Qxb2 25.Qxb2 Rxb2 26.Nxe6 Rfxf2 27.Ne2 Rfxe2 28.Rxe2 Rxe2
29.Nxc7 Rc2 30.Ne6 Rxc4 31.Rf1 h5 32.Rf8+ Kh7 33.Rf7+ Kh6 34.Kf2 h4 35.Rf4 Rc2+
36.Kf3 g5 37.Rf6+ Kh7 38.Nxg5+ Kg7 39.Rxc6 Rc3+ 40.Kg4 Rg3+ 41.Kxh4 Rxg2
42.Rxc5 a4 43.Ra5 Kg6 44.Rxa4 Rxg5 45.Ra6+  1-0

[Event "Rosario"]
[Site "Rosario"]
[Date "1996.??.??"]
[Round "8"]
[White "Andres, Miguel"]
[Black "Aguerreberry, Claudio"]
[Result "1-0"]
[WhiteElo "2330"]
[BlackElo "2265"]

1.e4 c5 2.Nf3 Nc6 3.Bb5 d6 4.d4 cxd4 5.Qxd4 Bd7 6.Bxc6 Bxc6 7.Nc3 h6 8.Be3 e5
9.Qd3 Nf6 10.h3 b5 11.a4 bxa4 12.O-O Be7 13.Nd2 O-O 14.Nc4 Qc7 15.Bd2 Rfd8
16.Ne3 Qb7 17.Ned5 Nxd5 18.exd5 Bd7 19.Nxa4 f5 20.f3 Rf8 21.c4 Rae8 22.Nc3 Bd8
23.b4 Qxb4 24.Rfb1 Bb6+ 25.Be3 e4 26.Rxb4 exd3 27.Bxb6 axb6 28.Rxb6 Rc8 29.Rxd6 Be8
30.Rd1 Rxc4 31.Rxd3 Bf7 32.Rc6 Bxd5 33.Nxd5  1-0

[Event "Salokangas op"]
[Site "Salokangas"]
[Date "1996.??.??"]
[Round "1"]
[White "Leino, Jukka"]
[Black "Veingold, Aleksandr"]
[Result "0-1"]
[WhiteElo "2170"]
[BlackElo "2425"]

1.e4 c5 2.Nf3 Nc6 3.Bb5 d6 4.O-O Bd7 5.c3 Nf6 6.Re1 a6 7.Ba4 b5 8.Bc2 Bg4
9.d4 cxd4 10.cxd4 Bxf3 11.gxf3 e5 12.Be3 exd4 13.Bxd4 Nxd4 14.Qxd4 Be7 15.f4 O-O
16.Nc3 Qc8 17.Re3 Rd8 18.Rd1 Kf8 19.Bb3 d5 20.e5 Bc5 21.Qd3 Bxe3 22.Qxe3 Qg4+
23.Kf1 Nh5 24.Nxd5 Rac8 25.Rc1 g6 26.Rxc8 Qxc8 27.f5 Qxf5 28.Qh6+ Ke8 29.f4 Rxd5  0-1

[Event "Salokangas op"]
[Site "Salokangas"]
[Date "1996.??.??"]
[Round "2"]
[White "Haapasalo, Jukka Pekka"]
[Black "Nokso Koivisto, Antti"]
[Result "0-1"]
[WhiteElo "2240"]
[BlackElo "2240"]

1.e4 c5 2.Nf3 Nc6 3.Bb5 d6 4.O-O Bd7 5.c3 Nf6 6.Re1 a6 7.Bf1 Bg4 8.d3 g6
9.Nbd2 Bh6 10.h3 Bxf3 11.Nxf3 Bg7 12.d4 cxd4 13.cxd4 e5 14.b3 O-O 15.Bb2 Re8
16.dxe5 dxe5 17.Bc4 Qa5 18.a3 Rad8 19.Qc2 h6 20.Rad1 Nh5 21.b4 Qc7 22.Bd5 Rc8
23.Qb3 Qe7 24.g3 Rf8 25.Re3 Bf6 26.Red3 Nb8 27.Nh2 Bg7 28.Ng4 Kh7 29.Re1 Rc7
30.a4 b5 31.axb5 axb5 32.Qd1 Rfc8 33.Ne3 Nf6 34.Qb3 Kg8 35.Red1 Nbd7 36.Qa2 Nb6
37.Qb3 Nc4 38.Bc1 Nd6  0-1

[Event "San Roque"]
[Site "San Roque"]
[Date "1996.??.??"]
[Round "3"]
[White "Campora, Daniel H"]
[Black "Garcia Luque, Agustin"]
[Result "1-0"]
[WhiteElo "2540"]
[BlackElo "2365"]

1.e4 c5 2.Nf3 Nc6 3.Bb5 d6 4.O-O Bd7 5.Re1 Nf6 6.c3 a6 7.Bf1 Bg4 8.d3 g6
9.Nbd2 Bg7 10.h3 Bxf3 11.Nxf3 O-O 12.d4 cxd4 13.cxd4 e5 14.d5 Ne7 15.a4 Nd7
16.Be3 f5 17.Ng5 f4 18.Bd2 Bf6 19.Ne6 Qb6 20.a5 Qa7 21.Nxf8 Rxf8 22.Qg4 Nc5
23.Bb4 Kg7 24.Rac1 Nb3 25.Rc7 h5 26.Qd1 Nd4 27.Bxd6 Rf7 28.Qc1 Qa8 29.Qc5 Qe8
30.Rxb7 g5 31.Bc4 g4 32.Bxe5 Bxe5 33.d6 Ng6  1-0

[Event "Sao Paulo-ch"]
[Site "Sao Paulo"]
[Date "1996.??.??"]
[Round "4"]
[White "Martinez, Carlos Alejandro"]
[Black "Loureiro, Luiz"]
[Result "1-0"]
[WhiteElo "2405"]
[BlackElo "2365"]

1.e4 c5 2.Nf3 Nc6 3.Bb5 Qc7 4.O-O e6 5.Re1 a6 6.Bf1 Nge7 7.Nc3 Ng6 8.d4 Nxd4
9.Nxd4 cxd4 10.Qxd4 Bd6 11.Qxg7 Bxh2+ 12.Kh1 Be5 13.Nd5 Qd8 14.Qh6 d6 15.f4 exd5
16.fxe5 dxe5 17.exd5 Bf5 18.Bg5 f6 19.Rxe5+ Nxe5 20.Bxf6 Ng4 21.Re1+ Kf7
22.Qg7+  1-0

[Event "Sas van Gent op U20"]
[Site "Sas van Gent"]
[Date "1996.??.??"]
[Round "6"]
[White "Pater, Evelien"]
[Black "Bonstingl, Georg"]
[Result "0-1"]
[WhiteElo "1855"]
[BlackElo "2195"]

1.e4 c5 2.Nf3 Nc6 3.Bb5 d6 4.O-O Bd7 5.Re1 e5 6.c3 Be7 7.d4 Qc7 8.Be3 Nf6
9.Nbd2 O-O 10.h3 Nxd4 11.Bxd4 Bxb5 12.Be3 Rad8 13.c4 Bc6 14.Qc2 Ne8 15.g4 b5
16.b3 Qb7 17.Bg5 Rb8 18.Nf1 bxc4 19.bxc4 Bxg5 20.Nxg5 Qb2 21.Qxb2 Rxb2 22.Ng3 g6
23.Red1 h6 24.Nf3 f5 25.gxf5 gxf5 26.Nd2 fxe4 27.Ndxe4 Rf4 28.Rd2 Rxd2 29.Nxd2 Kf7
30.Re1 Nf6 31.Re3 Rd4 32.Nf3 Rf4 33.Nd2 Kg6 34.Ne2 Rh4 35.Rd3 Ne8 36.Kh2 a5
37.Nb3 a4 38.Nd2 Kf7 39.a3 Rh5 40.Ng3 Rg5 41.Nde4 Rg6 42.f3 Ke6 43.Rd2 Rg7
44.Nxd6 Nxd6 45.Rxd6+ Kxd6 46.Nf5+ Ke6 47.Nxg7+ Kf6 48.Nh5+ Kg5 49.Ng3 Kf4
50.Kg2 Bxf3+ 51.Kf2 Bd1 52.Nf1 Ke4 53.Ne3 Bb3 54.Ke2 h5 55.h4 Kf4 56.Kf2 e4
57.Nd5+ Ke5 58.Ke3 Bxc4 59.Nc3 Bb3 60.Nxe4 c4 61.Nc3 Kf5 62.Kf3 Bc2 63.Nb5 Bd1+
64.Kg3 Ke4 65.Nc3+ Kd3 66.Nxd1 c3 67.Nxc3 Kxc3  0-1

[Event "Sas van Gent"]
[Site "Sas van Gent"]
[Date "1996.??.??"]
[Round "8"]
[White "Van der Weide, Karel"]
[Black "Tjiam, Dharma"]
[Result "1/2-1/2"]
[WhiteElo "2365"]
[BlackElo "2350"]

1.e4 c5 2.Nf3 Nc6 3.Bb5 g6 4.O-O Bg7 5.Bxc6 dxc6 6.d3 Nf6 7.Nc3 O-O 8.Be3 b6
9.h3 h6 10.a4 a5 11.Nd2 Kh7 12.f4 Nd7 13.Qf3 e5 14.f5 Bf6 15.Nc4 Ba6 16.Qg4 Qe7
17.Kh1 Rad8 18.Bg1 Bxc4 19.dxc4 Bg5 20.Rad1 Nf6  1/2-1/2

[Event "Sas van Gent op U20"]
[Site "Sas van Gent"]
[Date "1996.??.??"]
[Round "8"]
[White "Pettinger, Jean Paul"]
[Black "Stange, Sven"]
[Result "1-0"]
[WhiteElo "2000"]
[BlackElo "1825"]

1.e4 c5 2.Nf3 Nc6 3.Bb5 a6 4.Bxc6 bxc6 5.O-O g6 6.Re1 Bg7 7.d3 e6 8.Nbd2 Ne7
9.e5 d5 10.exd6 Qxd6 11.Ne4 Qc7 12.Nxc5 O-O 13.c3 Nd5 14.d4 a5 15.Bd2 Ba6
16.Qc1 Rfe8 17.Bh6 Bh8 18.c4 Nb6 19.Bf4 Qe7 20.b3 Bxd4 21.Nxd4 Qxc5 22.Be3 Qh5
23.Nxc6 Bb7 24.Bxb6 Bxc6 25.Qf4 e5 26.Qg3 a4 27.b4 Rab8 28.Bc5 Rbd8 29.b5 Bb7
30.Be3 f5 31.Qg5 Qxg5 32.Bxg5 Rd4 33.c5 Rg4 34.c6 Bxc6 35.bxc6 Rxg5 36.Red1 Rg4
37.Rac1 Rd4 38.c7 Rc8 39.Rxd4 exd4 40.Kf1 Kf7 41.Ke2 Ke6 42.f4 h6 43.Kd3 g5
44.g3 gxf4 45.gxf4 h5 46.h4 a3 47.Kxd4 Kd7 48.Ke5 Re8+ 49.Kxf5 Kc8 50.Rc2 Rg8
51.Kf6 Rg4 52.f5 Rxh4 53.Kf7 Rf4 54.f6 h4 55.Kg7 Rg4+ 56.Kf8 h3 57.f7 Rg2
58.Ke7 Rxc2 59.f8=Q+ Kxc7 60.Qd8+ Kb7 61.Qd5+ Kb6 62.Qb3+  1-0

[Event "DLM U20"]
[Site "Schoeneck"]
[Date "1996.??.??"]
[Round "3"]
[White "Rozman, Ilya"]
[Black "Enzmann, Steffen"]
[Result "1-0"]
[WhiteElo "2205"]
[BlackElo "2150"]

1.e4 c5 2.Nf3 Nc6 3.Bb5 e6 4.Bxc6 bxc6 5.O-O d5 6.d3 Nf6 7.Nbd2 Be7 8.Re1 O-O
9.Qe2 Ba6 10.e5 Nd7 11.c4 Rb8 12.Nf1 Nb6 13.b3 Rb7 14.Bf4 Rd7 15.Qc2 Qc7
16.Rad1 Rfd8 17.g3 Nc8 18.h4 Qa5 19.Rd2 Bf8 20.Kg2 Ne7 21.g4 Ng6 22.Bg3 Ne7
23.h5 Qb4 24.Bf4 h6 25.Red1 Qb8 26.Bg3 g6 27.hxg6 Nxg6 28.Re1 Bg7 29.Rde2 Kh8
30.Qc1 Qb4 31.Kh2 dxc4 32.dxc4 Rd3 33.Re3 R3d7 34.Qc2 Ne7 35.Bh4 Re8 36.Rd1 Rxd1
37.Qxd1 Ng6 38.Bg3 Qb7 39.Rd3 f5 40.gxf5 exf5 41.Rd7 Qb8 42.Qd6 Qxd6 43.exd6 Rg8
44.Rxa7 f4 45.Rxa6 fxg3+ 46.fxg3  1-0

[Event "Schwaebisch Gmund op"]
[Site "Schwaebisch Gmund"]
[Date "1996.??.??"]
[Round "5"]
[White "Ristic, Nenad"]
[Black "Petrosian, Karen"]
[Result "1-0"]
[WhiteElo "2415"]
[BlackElo "2375"]

1.e4 c5 2.Nf3 Nc6 3.Bb5 g6 4.c3 Bg7 5.d4 cxd4 6.cxd4 a6 7.Bxc6 dxc6 8.h3 c5
9.d5 b5 10.O-O Nf6 11.Qc2 O-O 12.Rd1 Bb7 13.Be3 Qc7 14.Nbd2 Rac8 15.Rac1 Nd7
16.b4 c4 17.Nb3 Rfe8 18.Na5 e5 19.Nd2 Bf8 20.a3 Bd6 21.Nb1 Rf8 22.Bh6 Rfe8
23.Nc3 Nb8 24.f3 Ba8 25.Qf2 Qe7 26.Re1 Kh8 27.Be3 Rg8 28.Rcd1 f6 29.Kh1 Rg7
30.Qd2 Rf7 31.f4 exf4 32.Bxf4 Be5 33.Bxe5 fxe5 34.Rf1 Rcf8 35.Rxf7 Rxf7 36.Qe3 Qh4
37.Kg1 Nd7 38.a4 g5 39.axb5 axb5 40.Nxb5 g4 41.Nd6 Rf8 42.Nf5 Qh5 43.Ng3 Qh4
44.Nf5 Qh5 45.hxg4 Qxg4 46.Qf3 Qg5 47.Nxc4 Nf6 48.Rf1 Ng4 49.Nb6 Rg8 50.Qg3 Qd8
51.Nc4 Qc7 52.Nfd6 Qa7+ 53.Kh1 h6 54.Nxe5 Qa6 55.b5 Qa2 56.Nxg4 Qe2 57.Qe5+  1-0

[Event "Senigallia op"]
[Site "Senigallia"]
[Date "1996.??.??"]
[Round "?"]
[White "Borgo, Giulio"]
[Black "Rago, Riccardo"]
[Result "1-0"]
[WhiteElo "2400"]
[BlackElo "2230"]

1.e4 c5 2.Nf3 Nc6 3.Bb5 e6 4.O-O Nge7 5.Re1 d6 6.c3 a6 7.Ba4 b5 8.Bb3 c4
9.Bc2 Ng6 10.b3 cxb3 11.axb3 Be7 12.d4 O-O 13.Nbd2 d5 14.Bb2 Bb7 15.e5 Rc8
16.Re3 f5 17.exf6 Rxf6 18.Ng5 Nf8 19.Qg4 Qd7 20.Rae1 Nd8 21.Ndf3 Bd6 22.Bd3 Bf4
23.Ne5 Bxe5 24.Rxe5 Nf7 25.R5e3 Nxg5 26.Qxg5 Qf7 27.Qg3 Qc7 28.Qg4 Qf4 29.Qe2 Rh6
30.g3 Qf7 31.Ba3 Re8 32.Bd6 g5 33.Qg4 Qg7 34.Re5 Ng6 35.Rxg5 Bc8 36.Be5 Qf7
37.Re3 Rf8 38.f4 Bd7 39.h4  1-0

[Event "Sitges op"]
[Site "Sitges"]
[Date "1996.??.??"]
[Round "6"]
[White "Colovic, Aleksandar"]
[Black "Nedev, Trajce"]
[Result "1-0"]
[WhiteElo "2310"]
[BlackElo "2385"]

1.e4 c5 2.Nf3 Nc6 3.Bb5 e6 4.O-O Nge7 5.Re1 Nd4 6.a4 a6 7.Nxd4 cxd4 8.Bc4 Qc7
9.d3 Ng6 10.Nd2 Bb4 11.Rf1 O-O 12.Nf3 Qc5 13.h3 f5 14.exf5 Rxf5 15.Nd2 d5
16.Bb3 Bd7 17.Nf3 Raf8 18.c3 dxc3 19.Be3 Qd6 20.Nd4 R5f7 21.bxc3 Bxc3 22.Rc1 Ba5
23.Ne2 Bc7 24.Ng3 d4 25.Bd2 Bb8 26.Qe1 Re8 27.Bb4 Qf4 28.Bd2 Qh4 29.Ne4 Ne5
30.Qe2 Rf5 31.f4 Ng6 32.Nc5 Bc8 33.Qg4 Qf6 34.Ne4 Qf7 35.Ng5 Rxg5 36.fxg5 Qd7
37.Rfe1 Ne5 38.Qe4 Kh8 39.Bf4 Nc6 40.Bxb8 Nxb8  1-0

[Event "Sitges op"]
[Site "Sitges"]
[Date "1996.??.??"]
[Round "8"]
[White "Ayas, Antonio"]
[Black "Nedev, Trajce"]
[Result "1-0"]
[WhiteElo "2325"]
[BlackElo "2385"]

1.e4 c5 2.Nf3 Nc6 3.Bb5 e6 4.O-O Nge7 5.c3 a6 6.Ba4 c4 7.Bc2 d5 8.b3 cxb3
9.axb3 d4 10.cxd4 Nxd4 11.Nxd4 Qxd4 12.Ra4 Qd7 13.e5 b5 14.Rg4 Bb7 15.Nc3 Rd8
16.Re1 Ng6 17.h4 Qc7 18.Qe2 b4 19.Rc4 Qb8 20.Nd1 Rd5 21.Ne3 Rb5 22.d4 Nf4
23.Qg4 Nd5 24.Be4 h5 25.Qf3 Be7 26.Bxd5 Rxd5 27.Qg3 g6 28.Nxd5 Bxd5 29.Rc2 Qd8
30.Bg5 Bxg5 31.Qxg5 Qxg5 32.hxg5 O-O 33.Ra1 Rb8 34.Rb2 Rc8 35.f3 Rc6 36.Ra4 Rb6
37.Ra5 Kf8 38.Rc5 Ke8 39.Rc7 Rc6 40.Rxc6 Bxc6 41.Ra2 Bb5 42.Rc2 Kd7 43.Rc5 Bc6
44.Rc4 Bb5 45.Rxb4 Kc6 46.Kf2 Kb6 47.Ke3 a5 48.Rc4 Bc6 49.Rc5 Bd5 50.Rxd5 exd5
51.f4 Kc7 52.f5 Kd7 53.e6+ fxe6 54.fxg6 Ke7 55.Kf4 Kf8 56.Ke5 Kg7 57.Kxe6 Kxg6
58.Kxd5 Kxg5 59.Ke6  1-0

[Event "SLO-ch (Women)"]
[Site "SLO"]
[Date "1996.??.??"]
[Round "?"]
[White "Ankerst, Milka"]
[Black "Licina, Anita"]
[Result "1/2-1/2"]
[WhiteElo "2195"]
[BlackElo "2155"]

1.e4 c5 2.Nf3 Nc6 3.Bb5 Nf6 4.Nc3 g6 5.d3 Bg7 6.Bxc6 dxc6 7.Be3 b6 8.Qd2 Ng4
9.Bf4 e5 10.Bg3 f6 11.h3 Nh6 12.Ng1 Nf7 13.f4 Bh6 14.Qf2 O-O 15.Nge2 Qe7
16.O-O Bd7 17.Nd1 c4 18.Ne3 cxd3 19.cxd3 Rad8 20.Rad1 Nd6 21.Qf3 Rde8 22.Ng4 Bxg4
23.Qxg4 f5 24.exf5 Nxf5 25.Bf2 exf4 26.Nd4 Nxd4 27.Bxd4 Qd6 28.Bc3 Re3 29.Rf3 c5
30.Rxe3 fxe3 31.Qc4+ Rf7 32.Rf1 Qe7 33.Rf6 Kf8 34.Re6 Qd8 35.Qe4 Rf5 36.Qb7 Rf7
37.Qe4 Bg7 38.Bxg7+ Kxg7 39.Qe5+ Kh6 40.Qxe3+ Qg5 41.g3 Qxe3+ 42.Rxe3 Kg5
43.Kg2 h5 44.h4+  1/2-1/2

[Event "SLO-chT sf"]
[Site "SLO"]
[Date "1996.??.??"]
[Round "7"]
[White "Vrcon, D."]
[Black "Kobal, P."]
[Result "1/2-1/2"]
[WhiteElo "2025"]
[BlackElo "2085"]

1.e4 c5 2.Nf3 Nc6 3.Bb5 Qc7 4.O-O e6 5.Re1 Nge7 6.c3 a6 7.Bf1 d5 8.exd5 Nxd5
9.d4 cxd4 10.Nxd4 Be7 11.Nxc6 Qxc6 12.c4 Nf6 13.Nc3 b6 14.Be2 Bb7 15.Bf3 Qc8
16.Be3 Bxf3 17.Qxf3 O-O 18.Na4 Nd7 19.Rac1 Rb8 20.Red1 Nc5 21.Nxc5 Bxc5 22.Bf4 Rb7
23.Be5 f6 24.Bc3 Rc7 25.h4 Rd8 26.Qg4 Kf7 27.h5 e5 28.Qe4 Kg8 29.Rd5 Rcd7
30.Rcd1 Rxd5 31.Rxd5 Rxd5 32.Qxd5+ Kf8 33.b4 Be7 34.h6 gxh6 35.f3 Qd8 36.Qxd8+ Bxd8
37.Kf2 Kf7 38.Kg3 Ke6 39.Kf2 h5 40.Ke3 f5 41.Kd3 b5 42.Be1 Be7 43.Bd2 Bf6  1/2-1/2

[Event "BUL-ch"]
[Site "Sofia"]
[Date "1996.??.??"]
[Round "4"]
[White "Spasov, Vasil"]
[Black "Inkiov, Ventzislav"]
[Result "1-0"]
[WhiteElo "2570"]
[BlackElo "2505"]

1.e4 c5 2.Nf3 Nc6 3.Bb5 d6 4.O-O Bd7 5.c3 Nf6 6.Re1 a6 7.Ba4 b5 8.Bc2 e5
9.d3 Be7 10.Nbd2 O-O 11.Nf1 Re8 12.Ng3 h6 13.h3 Bf8 14.a4 b4 15.Nd2 d5 16.Qf3 d4
17.c4 g6 18.b3 Bg7 19.Ndf1 Rf8 20.Nh2 Ne8 21.Bd1 Nd6 22.Ra2 Kh7 23.Qe2 Qe7
24.Qf1 Rae8 25.Bg4 Na5 26.Bxd7 Qxd7 27.Rb2 f5 28.exf5 gxf5 29.Nh5 e4 30.Nxg7 Kxg7
31.Bf4 Kh7 32.Rbb1 Rg8 33.Qe2 Rg6 34.Nf1 Rge6 35.Qh5 Qf7 36.Qh4 exd3 37.Rxe6 Rxe6
38.Bxd6 Rxd6 39.Qg3 f4 40.Qf3 Re6 41.Nd2 Qf5 42.g4 Qe5 43.Qxd3+ Kg7 44.Kh1 Qe2
45.Qf5 Rf6 46.Qxc5 Qxd2 47.Qxa5 Qxf2 48.Qc7+ Kg6 49.Rg1 Qf3+ 50.Kh2 d3 51.Qd7 Qe3
52.Qd5 Kh7 53.Qd7+ Kg6 54.Qd5 Kh7 55.g5 Rg6 56.Qf7+ Kh8 57.Qxg6 h5 58.Qxh5+ Kg8
59.g6 Qe7 60.g7  1-0

[Event "BUL-ch"]
[Site "Sofia"]
[Date "1996.??.??"]
[Round "4"]
[White "Spasov, Vasil"]
[Black "Inkiov, Ventzislav"]
[Result "1/2-1/2"]
[WhiteElo "2575"]
[BlackElo "2505"]

1.e4 c5 2.Nf3 Nc6 3.Bb5 Qb6 4.Nc3 e6 5.Bxc6 Qxc6 6.O-O a6 7.Re1 Qc7 8.d4 cxd4
9.Qxd4 Ne7 10.Bg5 f6 11.Bh4 e5 12.Qd3 d6 13.Nd2 Be6 14.Nf1 g5 15.Bg3 h5 16.f3 g4
17.fxg4 hxg4 18.Ne3 Bh6 19.Bf2 Bg5 20.a4 Ng6 21.Ncd5 Qh7 22.Nf1 Rc8 23.Rad1 Nf4
24.Nxf4 exf4 25.Qxd6 Kf7 26.Bc5 Rc6 27.Qe7+ Kg6 28.Qxh7+ Rxh7 29.b4 b6 30.Rd6 Rhc7
31.Bxb6 Rxd6 32.Bxc7 Rc6 33.Bd8 Rxc2 34.Bb6 Bd7 35.b5 axb5 36.axb5 Bxb5 37.Bf2 Bc6
38.g3 f3 39.Ne3 Re2 40.Nxg4 Bd2 41.Ra1 Bxe4 42.h3 Bc3 43.Rc1 Bb2 44.Rd1 Ba3
45.Nh2 f5 46.Nxf3 Bxf3 47.Rd3 Be4  1/2-1/2

[Event "Zhukov mem"]
[Site "Spasskoe"]
[Date "1996.??.??"]
[Round "4"]
[White "Komliakov, Viktor"]
[Black "Yagupov, Igor"]
[Result "1/2-1/2"]
[WhiteElo "2500"]
[BlackElo "2450"]

1.e4 c5 2.Nf3 Nc6 3.Bb5 e6 4.Bxc6 bxc6 5.d3 Be7 6.O-O Qc7 7.e5 f6 8.Bf4 Qd8
9.Nbd2 fxe5 10.Nxe5 Nf6 11.Bg3 O-O 12.Qe2 a5 13.a4 Ra6 14.f4 d6 15.Nec4 Nd5
16.Nb3 Qc7 17.Kh1 Bd8 18.Qd2 Bd7 19.Rae1 Bf6 20.d4 cxd4 21.Nxd4 Bxd4 22.Qxd4 c5
23.Qd2 Ne7 24.b3 Nf5 25.Ne3  1/2-1/2

[Event "Zhukov mem"]
[Site "Spasskoe"]
[Date "1996.??.??"]
[Round "11"]
[White "Totsky, Leonid"]
[Black "Mochalov, Evgeny V"]
[Result "1/2-1/2"]
[WhiteElo "2430"]
[BlackElo "2515"]

1.e4 c5 2.Nf3 Nc6 3.Bb5 g6 4.O-O Bg7 5.c3 Nf6 6.Qa4 O-O 7.d4 cxd4 8.cxd4 d6
9.d5 Nb8 10.Nc3 Nbd7 11.Be3 a6 12.Be2 Ng4 13.Bd2 Nge5 14.Ne1 Nc5 15.Qc2 f5
16.f3 fxe4 17.fxe4 Rxf1+ 18.Kxf1 Bg4 19.Be3 Rc8 20.Nf3 Bd7 21.Nd4 b5 22.a3 Na4
23.Rc1 Nxc3 24.bxc3 Nc4 25.Bxc4 Rxc4 26.Kg1 Rc8 27.Qb3 Qc7 28.Nc6 Bxc6 29.dxc6+ Kh8
30.c4 b4 31.axb4 Qxc6 32.Qd3 Qa4 33.Rb1 Qa2 34.c5 dxc5 35.bxc5 Be5 36.Bd4 Qxb1+
37.Qxb1 Bxd4+ 38.Kf1 Rxc5 39.Qb4 e5 40.Qb8+ Kg7 41.Qb7+ Kg8 42.g3 a5 43.Kg2 Rc2+
44.Kh3 Rf2 45.Qd5+ Kg7 46.Qxa5 h5 47.Qd8 Rf8 48.Qe7+ Rf7  1/2-1/2

[Event "Zhukov mem"]
[Site "Spasskoe"]
[Date "1996.??.??"]
[Round "11"]
[White "Yagupov, Igor"]
[Black "Mukhametov, Eldar"]
[Result "1/2-1/2"]
[WhiteElo "2450"]
[BlackElo "2505"]

1.e4 c5 2.Nf3 Nc6 3.Bb5 d6 4.O-O Bd7 5.Re1 a6 6.Bxc6 Bxc6 7.c3 e6 8.d4 cxd4
9.cxd4 d5 10.e5 Ne7 11.b3 Ng6 12.Qd2 Be7 13.Ba3 O-O 14.Bxe7 Qxe7 15.Nc3 Rfc8
16.Ne2 Bb5 17.Ng3 Qa3  1/2-1/2

[Event "Rudenko mem"]
[Site "St Petersburg"]
[Date "1996.??.??"]
[Round "1"]
[White "Kovalevskaya, Ekaterina"]
[Black "Shushpanova, Nina"]
[Result "1-0"]
[WhiteElo "2335"]
[BlackElo "2115"]

1.e4 c5 2.Nf3 Nc6 3.Bb5 g6 4.O-O Bg7 5.c3 e5 6.d4 cxd4 7.cxd4 exd4 8.Bf4 Nge7
9.Bd6 a6 10.Bc4 b5 11.Bd3 Bb7 12.a4 Nc8 13.Bg3 bxa4 14.Qxa4 O-O 15.Nbd2 a5
16.e5 Nb4 17.Be4 Nb6 18.Qb3 Nc6 19.Rfd1 a4 20.Qa3 Ba6 21.Qd6 Re8 22.Bxc6 Bf8
23.Qxd4 dxc6 24.Ne4 Qxd4 25.Nxd4 Bg7 26.Nd6 Re7 27.Nxc6 Rc7 28.Nb4 Bc4 29.Rdc1 Bf8
30.f3 Rd7 31.Bf2 Bxd6 32.exd6 Rc8 33.Bxb6 Rxd6 34.Bf2 Rd2 35.Rxa4 Rxb2 36.Nd3  1-0

[Event "RUS-Cup1 Chigorin mem"]
[Site "St Petersburg"]
[Date "1996.??.??"]
[Round "1"]
[White "Kalegin, Evgenij"]
[Black "Khamidulin, Aleksey"]
[Result "1-0"]
[WhiteElo "2500"]
[BlackElo "2285"]

1.e4 c5 2.Nf3 Nc6 3.Bb5 g6 4.Bxc6 dxc6 5.h3 Bg7 6.d3 Nf6 7.Nc3 O-O 8.Be3 Nd7
9.Qd2 b5 10.Bh6 Nb6 11.h4 b4 12.Bxg7 Kxg7 13.Ne2 Bg4 14.h5 Bxf3 15.hxg6 hxg6
16.Qh6+ Kf6 17.gxf3 Rh8 18.Qf4+ Kg7 19.O-O-O Qd6 20.Qe3 c4 21.e5 Qd5 22.Nf4 Qa5
23.e6 c3 24.Qd4+ f6 25.Qe4 cxb2+ 26.Kb1 Qg5 27.Rhg1  1-0

[Event "RUS-Cup1 Chigorin mem"]
[Site "St Petersburg"]
[Date "1996.??.??"]
[Round "1"]
[White "Yandemirov, Valeri"]
[Black "Berezkin, G."]
[Result "1-0"]
[WhiteElo "2465"]
[BlackElo "2320"]

1.e4 c5 2.Nf3 Nc6 3.Bb5 g6 4.O-O Bg7 5.c3 e6 6.d4 cxd4 7.cxd4 a6 8.Bxc6 bxc6
9.Nc3 Ne7 10.e5 Nd5 11.Nxd5 cxd5 12.Bg5 Qb6 13.Qd2 d6 14.Rfe1 dxe5 15.dxe5 O-O
16.Re3 f6 17.exf6 Bxf6 18.Bxf6 Rxf6 19.Ne5 Rb8 20.Rc1 Rf8 21.Rb3 Qd6 22.Rxb8 Qxb8
23.Qd4 Rf5 24.Ng4 e5 25.Qc5 Rf8 26.Nh6+  1-0

[Event "Rudenko mem"]
[Site "St Petersburg"]
[Date "1996.??.??"]
[Round "1"]
[White "Epstein, Esther"]
[Black "Zvereva, Marija"]
[Result "0-1"]
[WhiteElo "2255"]
[BlackElo "2225"]

1.e4 c5 2.Nf3 Nc6 3.Bb5 g6 4.O-O Bg7 5.Re1 e5 6.Nc3 Nge7 7.d3 O-O 8.Be3 d6
9.h3 h6 10.Ne2 Qb6 11.Bxc6 Qxc6 12.c4 f5 13.Nc3 Be6 14.Nd5 Rf7 15.Rc1 Raf8
16.Qe2 Qd7 17.Nh2 f4 18.Nxe7+ Qxe7 19.Bd2 f3 20.gxf3 Bxh3 21.Kh1 Qh4 22.Be3 Be6
23.Kg1 Bh3 24.Kh1 Qh5 25.f4 Qxe2 26.Rxe2 exf4 27.Bd2 Bxb2 28.Rb1 f3 29.Ree1 Bg7
30.Nf1 Bxf1 31.Rxf1 g5 32.Rb3 g4 33.Rg1 h5 34.Kh2 Be5+ 35.Kh1 Bd4 36.Be1 Rg7
37.Kh2 h4 38.Rb1 Be5+ 39.Kh1 g3  0-1

[Event "RUS-Cup1 Chigorin mem"]
[Site "St Petersburg"]
[Date "1996.??.??"]
[Round "1"]
[White "Shaposhnikov, Evgeny"]
[Black "Zontakh, Andrey"]
[Result "1/2-1/2"]
[WhiteElo "2345"]
[BlackElo "2550"]

1.e4 c5 2.Nf3 Nc6 3.Bb5 g6 4.O-O Bg7 5.Re1 Nf6 6.c3 O-O 7.h3 e5 8.d4 cxd4
9.cxd4 exd4 10.e5 Nd5 11.Bg5 Qc7 12.Qb3 Nb6 13.Nbd2 d5 14.Rac1 Bd7 15.Be7 Rfe8
16.Bd6 Qd8 17.Bxc6 Bxc6 18.Nxd4 Qd7 19.Qg3 Nc8 20.Bb4 Ne7 21.N2b3 Nf5 22.Nxf5 Qxf5
23.Nd4 Qh5 24.f4 Rac8 25.Bc3 Bd7 26.Re3 Bf5 27.Qf2 Be4 28.Ne2 Qh6 29.Ng3 f5
30.Ne2 Bf8 31.Bd4 Rxc1+ 32.Nxc1 Rc8 33.Rc3 Rxc3 34.Bxc3 b6 35.Nb3 Qh5 36.Kh2 Qd1
37.e6 Bd6 38.Nd2 g5 39.e7 Kf7 40.Be5 Bxe5 41.fxe5 f4 42.Qd4 Qe2 43.Nxe4 Qxe4
44.Qc3 Qc4 45.Qf3 Qe4 46.Qc3 Qc4  1/2-1/2

[Event "RUS-Cup1 Chigorin mem"]
[Site "St Petersburg"]
[Date "1996.??.??"]
[Round "2"]
[White "Alavkin, Arseny"]
[Black "Makarov, Marat"]
[Result "1/2-1/2"]
[WhiteElo "2345"]
[BlackElo "2560"]

1.e4 c5 2.Nf3 Nc6 3.Bb5 e6 4.O-O Nge7 5.b3 Ng6 6.Bb2 f6 7.Re1 Be7 8.c3 O-O
9.d4 d5 10.exd5 exd5 11.Bxc6 bxc6 12.Ba3 Bg4 13.Bxc5 Bxc5 14.dxc5 Ne5 15.Nbd2 Nd3
16.Re3 Nxc5 17.b4 Ne6 18.h3 Bxf3  1/2-1/2

[Event "Petrov mem"]
[Site "St Petersburg"]
[Date "1996.??.??"]
[Round "3"]
[White "Gubanov, Anton"]
[Black "Vasiukov, Evgeni"]
[Result "1/2-1/2"]
[WhiteElo "2375"]
[BlackElo "2505"]

1.e4 c5 2.Nf3 Nc6 3.Bb5 Na5 4.c3 a6 5.Be2 Nf6 6.e5 Nd5 7.d4 cxd4 8.O-O e6
9.Qxd4 b5 10.Nbd2 Bb7 11.a4 b4 12.c4 Nc6 13.Qg4 Nde7 14.Ne4 Ng6 15.Nd6+ Bxd6
16.exd6 f5 17.Qh5 Qf6 18.Qg5 e5 19.Rd1 Na5 20.Qe3 e4 21.Nd2 O-O 22.Qb6 f4
23.Qxa5 f3 24.Nxf3 exf3 25.Bxf3 Bxf3 26.gxf3 Nh4 27.Qd5+ Kh8 28.f4 Rae8 29.Kh1 Re2
30.Be3 Nf5 31.Qd3 Rxb2 32.Bd4 Nxd4 33.Qxd4 g5 34.c5 Rc2 35.Qxf6+ Rxf6 36.Rac1 b3
37.Rxc2 bxc2 38.Rc1 Rxf4 39.Rxc2 Rd4 40.c6 dxc6 41.Rxc6 a5 42.Rc5 h6 43.Rxa5 Rxd6
44.Ra7 Rd4 45.Kg2 Kg8 46.Kf3 Rh4 47.a5 Ra4 48.Ke3 g4 49.Kd3 h5 50.Kc3 h4
51.Kb3 Ra1 52.a6 Kf8 53.Kc4 Ra2 54.Kd4 Ke8 55.Ke4 Kd8 56.Ra8+ Kc7 57.a7 Kb7
58.Rf8 Kxa7 59.Rf4 h3 60.Ke3 Ra3+ 61.Ke4 Ra2 62.Kf5 g3 63.fxg3 Kb6 64.Rh4 Rxh2
65.Kg4 Kc7 66.Rxh3 Ra2 67.Kg5 Ra5+ 68.Kg6 Ra6+ 69.Kg5 Ra5+ 70.Kh4 Ra8 71.g4 Rh8+
72.Kg3 Rg8 73.Rh1 Kd6 74.Re1 Kd5 75.Re2 Kd6 76.Re4 Kd5 77.Kf3 Rh8 78.Re7 Kd6
79.Re2 Rf8+ 80.Kg3 Rg8 81.Rf2 Ke6 82.Rf5 Rg6 83.Kh4 Rg8 84.Kh5  1/2-1/2

[Event "RUS-Cup1 Chigorin mem"]
[Site "St Petersburg"]
[Date "1996.??.??"]
[Round "3"]
[White "Gubanov, Anton"]
[Black "Zontakh, Andrey"]
[Result "0-1"]
[WhiteElo "2380"]
[BlackElo "2550"]

1.e4 c5 2.Nf3 Nc6 3.Bb5 g6 4.O-O Bg7 5.c3 Nf6 6.Re1 O-O 7.d4 d5 8.Bxc6 bxc6
9.exd5 Qxd5 10.Re5 Qd8 11.Rxc5 Ne4 12.Rxc6 e5 13.Nbd2 Bb7 14.Rc4 Qd5 15.Qb3 exd4
16.cxd4 Qd7 17.Qa4 Qf5 18.Nxe4 Bxe4 19.Rc5 Bd5 20.Be3 Rfd8 21.Ne1 Bf8 22.Ra5 Rab8
23.Rb5 Bd6 24.b3 Qe6 25.Qa5 Rxb5 26.Qxb5 Bb8 27.Qa5 Re8 28.Qd2 Qd6 29.f4 Qe6
30.Nc2 Qg4 31.Re1 Bd6 32.h3 Qf5 33.Re2 Be4 34.Ne1 a5 35.Kf2 g5 36.g4 Qf6
37.f5 Qh6 38.Bxg5 Qxh3 39.Bf4 Qh4+ 40.Kf1 Qh1+ 41.Kf2 Bb4  0-1

[Event "Petrov mem"]
[Site "St Petersburg"]
[Date "1996.??.??"]
[Round "5"]
[White "Rublevsky, Sergei"]
[Black "Mukhametov, Eldar"]
[Result "1/2-1/2"]
[WhiteElo "2610"]
[BlackElo "2505"]

1.e4 c5 2.Nf3 Nc6 3.Bb5 d6 4.Bxc6+ bxc6 5.O-O Bg4 6.d3 e6 7.c3 Nf6 8.Nbd2 Nd7
9.Re1 Be7 10.Qa4 Qc7 11.e5 Bf5 12.exd6 Qxd6 13.Ne4 Qxd3 14.Ng3 Bg6 15.Qxc6 O-O
16.Bf4 Nb6 17.Ne5 Qd5 18.Qc7 Bf6 19.Ng4 Bd8 20.Qd6 Bh4 21.Red1 Qxd6 22.Bxd6 Rfc8
23.Ne5 Bxg3 24.hxg3 f6  1/2-1/2

[Event "RUS-Cup1 Chigorin mem"]
[Site "St Petersburg"]
[Date "1996.??.??"]
[Round "5"]
[White "Kalegin, Evgenij"]
[Black "Zontakh, Andrey"]
[Result "1/2-1/2"]
[WhiteElo "2500"]
[BlackElo "2550"]

1.e4 c5 2.Nf3 Nc6 3.Bb5 g6 4.Bxc6 dxc6 5.h3 e5 6.d3 f6 7.Be3 Nh6 8.c3 Nf7
9.O-O Bd6 10.d4 cxd4 11.cxd4 Qe7 12.Nc3 O-O 13.Rc1 Kg7 14.Qe2 Be6 15.Rfd1 b6
16.d5 cxd5 17.Nxd5 Qb7 18.Rc2 Rac8 19.Rcd2 Bc5 20.Nh2 Bxe3 21.Qxe3 Rfd8  1/2-1/2